| 000 | 00592nam a2200229Ia 4500 | ||
|---|---|---|---|
| 005 | 20230329143906.0 | ||
| 008 | 230125s9999 xx 000 0 und d | ||
| 020 | _a9788121922357 | ||
| 041 | _aeng | ||
| 082 |
_a332.1 _bKAN |
||
| 100 |
_aKandasami K P _9116308 |
||
| 245 | _aBanking Law and Practice | ||
| 250 | _aEd.4 th | ||
| 260 |
_c2013 _bS. Chand & Company Ltd. _aNew Delhi |
||
| 300 | _a273p | ||
| 500 | _aBanking | ||
| 650 |
_aBanking _9119034 |
||
| 700 |
_aKandasami K P; Natarajan S & Parameswaran R _9106307 |
||
| 906 | _b41.8 | ||
| 942 | _cBK | ||
| 999 |
_c93948 _d93948 |
||